| 000 | 01237cam a22003377a 4500 | ||
|---|---|---|---|
| 001 | 2721 | ||
| 005 | 20241017143451.0 | ||
| 020 | _a9780545130028 (pbk.) | ||
| 020 | _a9780545130028 | ||
| 020 | _a0545130026 (pbk.) | ||
| 040 |
_aIHI _cIHI _dIHI _dDLC _beng |
||
| 050 | 0 | 0 |
_aE608 _b.W73 2010 |
| 082 | 0 | 4 |
_a973.7/85 _222 |
| 100 | 1 | _aWilson, Camilla | |
| 245 | 1 | 0 |
_aCivil War spies : _bbehind enemy lines / _cby Camilla J. Wilson |
| 260 |
_aNew York : _bScholastic, _c2010 |
||
| 300 |
_a104 pages ; _c20 cm |
||
| 500 | _a"This edition is available for distribution only through the school market"--Cover verso. | ||
| 505 | 0 | _aZ | |
| 520 | _aTells the stories of spies on both sides of the American Civil War. | ||
| 521 | 8 |
_a1000 _bLexile |
|
| 521 | 8 |
_aZ _bRaz-Plus |
|
| 521 | 8 | _aGuided Reading Level: W. | |
| 521 | 8 | _aLexile: 1000. | |
| 650 | 0 |
_aSpies _zUnited States _xHistory _y19th century _vJuvenile literature. |
|
| 650 | 0 |
_aSpies _zConfederate States of America _xHistory _vJuvenile literature. |
|
| 650 | 0 |
_aSpies _zUnited States _vBiography _vJuvenile literature. |
|
| 650 | 0 |
_aSpies _zConfederate States of America _vBiography _vJuvenile literature. |
|
| 906 |
_a7 _bcbc _ccopycat _d2 _encip _f20 _gy-gencatlg |
||
| 942 |
_2ddc _cBK _n0 |
||
| 999 |
_c2721 _d2721 |
||